Speak to the earth : (Record no. 2062)

MARC details
000 -LEADER
fixed length control field 00722nam a22002057a 4500
003 - CONTROL NUMBER IDENTIFIER
control field BD-DhJNU
005 - DATE AND TIME OF LATEST TRANSACTION
control field 20250902043436.0
008 - FIXED-LENGTH DATA ELEMENTS--GENERAL INFORMATION
fixed length control field 250902b |||||||| |||| 00| 0 eng d
020 ## - INTERNATIONAL STANDARD BOOK NUMBER
International Standard Book Number 0393024717
040 ## - CATALOGING SOURCE
Original cataloging agency BD-DhJNU
Language of cataloging ENG
Transcribing agency BD-DhJNU
Modifying agency BD-DhJNU
082 ## - DEWEY DECIMAL CLASSIFICATION NUMBER
Edition number 23
Classification number 916.76 WAS
100 ## - MAIN ENTRY--PERSONAL NAME
Personal name Watteville, Vivienne De
245 ## - TITLE STATEMENT
Title Speak to the earth :
Remainder of title wanderings and reflections among elephants and mountains /
Statement of responsibility, etc. Vivienne de Watteville
260 ## - PUBLICATION, DISTRIBUTION, ETC.
Place of publication, distribution, etc. London :
Name of publisher, distributor, etc. Methuen,
Date of publication, distribution, etc. 1986.
300 ## - PHYSICAL DESCRIPTION
Extent xxxviii, 329p., [8] p. :
Other physical details ill. ;
Dimensions 22 cm.
490 ## - SERIES STATEMENT
Series statement A Methuen paperback
650 ## - SUBJECT ADDED ENTRY--TOPICAL TERM
Topical term or geographic name entry element De Watteville, Vivienne
General subdivision Travel
Geographic subdivision Kenya
650 ## - SUBJECT ADDED ENTRY--TOPICAL TERM
Topical term or geographic name entry element Kenya, Africa
General subdivision Description and travel
Geographic subdivision 20th century
942 ## - ADDED ENTRY ELEMENTS (KOHA)
Source of classification or shelving scheme Dewey Decimal Classification
Koha item type Books
Suppress in OPAC No
Holdings
Withdrawn status Lost status Source of classification or shelving scheme Damaged status Not for loan Collection Home library Current library Shelving location Date acquired Source of acquisition Total checkouts Full call number Barcode Date last seen Copy number Price effective from Koha item type
    Dewey Decimal Classification     Non-fiction Jagannath University Central Library Jagannath University Central Library General stacks 09/02/2025 Purchased   916.76 WAS JNUCL584 09/02/2025 1 09/02/2025 Books